川崎市の区章 - Statistics

General Stats
  • This quiz has been taken 36 times
  • The average score is 6 of 7
Answer Stats
Picture Answer % Correct
高津区
93%
幸区
93%
多摩区
93%
川崎区
90%
宮前区
87%
中原区
83%
麻生区
80%
No matching quizzes found
Score Distribution
Percent of People with Each Score
Percentile by Number Answered
Your Score History
You have not taken this quiz